| 000 | 00496 a2200157 4500 | ||
|---|---|---|---|
| 999 |
_c98 _d98 |
||
| 020 | _a9780767420112 | ||
| 050 | _aBD21. MOO 1996 | ||
| 100 | _a Moore, Brooke Noel | ||
| 245 |
_a Philosophy : _bthe power of ideas / _cBrooke Noel Moore; Kenneth Bruder |
||
| 264 |
_aBoston : _bMayfield publishing, _c1999 |
||
| 300 |
_axxiii, 563 pages : _billustrations ; 24 cm |
||
| 500 | _aincludes index | ||
| 650 |
_aPhilosophy _xTextbooks. |
||
| 700 | _aKenneth Bruder | ||
| 942 |
_2olc _cBK _h21 _iMOO _kBD |
||